Náklady z odvodu príjmov a zúčtovanie odvodov príjmov rozpočtových organizácií do rozpočtu zriaďovateľa

Pokračovanie príspevku z predchádzajúceho čísla. Príklady účtovania výnosov rozpočtovej organizácie a nákladov z odvodu príjmov pri časovom rozlíšení výnosov.

Na minha lista:
Detalhes bibliográficos
Autor principal: Kovalčíková, Antónia
Formato: Capítulo de Livro
Idioma:eslovaco
Assuntos:
Tags: Adicionar Tag
Sem tags, seja o primeiro a adicionar uma tag!

MARC

LEADER 00000naa$a2200000$$$4500
001 0105319
005 20240502072148.3
041 0 |a slo 
044 |a SK 
245 1 0 |a Náklady z odvodu príjmov a zúčtovanie odvodov príjmov rozpočtových organizácií do rozpočtu zriaďovateľa  |c Antónia Kovalčíková 
520 |a Pokračovanie príspevku z predchádzajúceho čísla. Príklady účtovania výnosov rozpočtovej organizácie a nákladov z odvodu príjmov pri časovom rozlíšení výnosov. 
610 2 0 |a náklady 
610 2 0 |a odvody 
610 2 0 |a osnova účtová 
610 2 0 |a účtovanie nákladov 
100 1 |a Kovalčíková, Antónia